[Event "Doeberl Cup 56th"]
[Site "Canberra"]
[Date "2018.04.02"]
[Round "9"]
[White "Specht, Josh"]
[Black "Brown, Andrew"]
[Result "0-1"]
[WhiteElo "2094"]
[BlackElo "2278"]
[PlyCount "82"]
[EventDate "2018.03.29"]
[EventType "swiss"]
[EventRounds "9"]
[EventCountry "AUS"]
[SourceTitle "CBM 187 Extra"]
[Source "ChessBase"]
[SourceDate "2018.11.04"]
[SourceVersion "1"]
[SourceVersionDate "2018.11.04"]
[SourceQuality "1"]

1. d4 Nf6 2. Bg5 d5 3. Bxf6 exf6 4. e3 f5 5. g3 Nd7 6. Bg2 c6 7. Ne2 Qb6 8. b3 a5 9. 0-0 a4 10. Nbc3 a3 11. Rc1 Nf6 12. Nb1 Be6 13. c4 Bb4 14. Nf4 0-0 15. cxd5 cxd5 16. Nc3 Qa5 17. Qd3 Rfc8 18. Nxe6 fxe6 19. Na4 b6 20. Rc2 Rxc2 21. Qxc2 b5 22. Nc5 Rc8 23. Rc1 Rc6 24. Qd1 Bxc5 25. Rxc5 Rxc5 26. dxc5 Qc3 27. Qe2 Qxc5 28. Bf1 Ne4 29. Qh5 g6 30. Qh4 b4 31. Qd8+ Qf8 32. Qd7 Qd6 33. Qe8+ Kg7 34. Bb5 Nc3 35. Bd7 Nxa2 36. Bxe6 Nc3 37. Qg8+ Kh6 38. g4 fxg4 39. Bxg4 a2 40. Qa8 Qf6 41. Kg2 Na4 0-1

[Event "Doeberl Cup 56th"]
[Site "Canberra"]
[Date "2018.03.29"]
[Round "1"]
[White "Smirnov, Anton"]
[Black "Specht, Josh"]
[Result "1-0"]
[WhiteElo "2543"]
[BlackElo "2094"]
[PlyCount "83"]
[EventDate "2018.03.29"]
[EventType "swiss"]
[EventRounds "9"]
[EventCountry "AUS"]
[SourceTitle "CBM 187 Extra"]
[Source "ChessBase"]
[SourceDate "2018.11.04"]
[SourceVersion "1"]
[SourceVersionDate "2018.11.04"]
[SourceQuality "1"]

1. e4 d5 2. exd5 Qxd5 3. Nc3 Qa5 4. d4 Nf6 5. Nf3 Bf5 6. Bc4 c6 7. Bd2 e6 8. Nd5 Qd8 9. Nxf6+ gxf6 10. Bb3 Qc7 11. Qe2 Nd7 12. 0-0-0 0-0-0 13. Nh4 Bg6 14. Kb1 Bd6 15. g3 Kb8 16. Rhe1 Ka8 17. Ka1 Qb6 18. Be3 Qa5 19. Bd2 Qb6 20. c3 a5 21. c4 Qa6 22. a3 Bc7 23. Be3 a4 24. Ba2 Ba5 25. Rf1 Nb6 26. Rc1 Rhe8 27. Nxg6 hxg6 28. Qc2 Rh8 29. h4 Rh5 30. Rfd1 Rc8 31. Rd3 g5 32. hxg5 fxg5 33. Rdd1 g4 34. Rh1 Rf5 35. Rh4 Rg8 36. Qe4 Nd7 37. Rxg4 Rxg4 38. Qxg4 Bb6 39. Bb1 Rf6 40. c5 Bc7 41. Qd1 e5 42. Bd3 1-0

[Event "Begonia op 51st"]
[Site "Ballarat"]
[Date "2017.03.11"]
[Round "3"]
[White "Ly, Moulthun"]
[Black "Specht, Josh"]
[Result "1-0"]
[WhiteElo "2492"]
[BlackElo "2094"]
[PlyCount "97"]
[EventDate "2017.03.11"]
[EventType "swiss"]
[EventRounds "7"]
[EventCountry "AUS"]
[SourceTitle "CBM 177 Extra"]
[Source "ChessBase"]
[SourceDate "2017.04.27"]
[SourceVersion "1"]
[SourceVersionDate "2017.04.27"]
[SourceQuality "1"]

1. e4 c5 2. Nf3 Nc6 3. Bb5 d6 4. 0-0 Bd7 5. Re1 a6 6. Bc4 e6 7. c3 b5 8. Bf1 e5 9. a4 Rb8 10. axb5 axb5 11. Na3 Qa5 12. b4 cxb4 13. cxb4 Qxb4 14. Nc2 Qc5 15. d4 exd4 16. Ncxd4 Be7 17. Bf4 Nxd4 18. Nxd4 Nh6 19. Rc1 Qb6 20. Bxh6 gxh6 21. Bxb5 Bxb5 22. Rb1 0-0 23. Rxb5 Qxb5 24. Nxb5 Rxb5 25. Qg4+ Rg5 26. Qd7 Re5 27. f4 Re6 28. Qb7 Bf6 29. g3 Rfe8 30. Kg2 Bd4 31. Re2 Bg7 32. Qd5 Bf8 33. Kf3 Rc8 34. Ra2 Rc3+ 35. Kf2 Rc5 36. Qb7 Rc4 37. Ra8 Rcxe4 38. Qc8 Re2+ 39. Kf3 Re8 40. Qxe8 Rxe8 41. Rxe8 f5 42. Ke2 Kf7 43. Re3 Bg7 44. Kd3 d5 45. Re2 Bf6 46. Ra2 Bh8 47. Ra5 Ke6 48. Ra6+ Kf7 49. Rxh6 1-0

[Event "Washington Eastern op"]
[Site "Washington DC"]
[Date "2003.12.26"]
[Round "1"]
[White "Specht, Josh"]
[Black "Sherzer, Alex"]
[Result "0-1"]
[WhiteElo "2128"]
[BlackElo "2494"]
[PlyCount "104"]
[EventDate "2003.12.26"]
[EventType "swiss"]
[EventRounds "8"]
[EventCountry "USA"]
[SourceTitle "CBM 097 Extra"]
[Source "ChessBase"]
[SourceDate "2004.01.13"]
[SourceVersion "1"]
[SourceVersionDate "2004.01.13"]
[SourceQuality "1"]

1. e4 e5 2. Nf3 Nc6 3. Bb5 Nf6 4. d3 Bc5 5. 0-0 d6 6. h3 0-0 7. Bg5 h6 8. Bh4 g5 9. Bg3 Nh5 10. Kh2 Qf6 11. c3 Nf4 12. Bxc6 bxc6 13. d4 Bb6 14. a4 a5 15. Na3 Ba6 16. dxe5 dxe5 17. c4 Rad8 18. Qc2 Bd4 19. Rad1 c5 20. Qd2 Qb6 21. Bxf4 exf4 22. Nxd4 Rxd4 23. Qc2 c6 24. Qe2 Re8 25. Rxd4 cxd4 26. Rd1 Qc5 27. Qd3 Rd8 28. Ra1 Kg7 29. b3 Qe5 30. f3 h5 31. Rd1 Bc8 32. Nc2 c5 33. Ne1 g4 34. Qd2 Qg5 35. Nd3 gxf3 36. Nxf4 Kh7 37. Nd5 Qe5+ 38. g3 h4 39. Qf4 Qxf4 40. gxf4 f5 41. e5 Kg7 42. Kg1 Kf7 43. Nf6 Bb7 44. Kf2 Be4 45. Rd2 Ke7 46. Nd5+ Ke6 47. Nc7+ Kd7 48. Nb5 Rg8 49. Kf1 Rg2 50. Rxg2 fxg2+ 51. Kf2 d3 52. Nc3 d2 0-1

[Event "Blackpool Ron Banwell Masters"]
[Site "Blackpool"]
[Date "2003.08.08"]
[Round "7"]
[White "Specht, Josh"]
[Black "Howell, David"]
[Result "1/2-1/2"]
[WhiteElo "2111"]
[BlackElo "2323"]
[PlyCount "52"]
[EventDate "2003.08.04"]
[EventType "tourn"]
[EventRounds "9"]
[EventCountry "ENG"]
[EventCategory "2"]
[SourceTitle "CBM 095 Extra"]
[Source "ChessBase"]
[SourceDate "2003.09.04"]
[SourceVersion "1"]
[SourceVersionDate "2003.09.04"]
[SourceQuality "1"]

1. e4 e5 2. Nf3 Nc6 3. Bb5 a6 4. Bxc6 dxc6 5. 0-0 Bd6 6. d4 exd4 7. Qxd4 f6 8. c4 c5 9. Qe3 Ne7 10. Nc3 0-0 11. b3 Nc6 12. Bb2 Nd4 13. Rad1 Be5 14. Na4 Nxf3+ 15. Qxf3 Qe7 16. Bxe5 fxe5 17. Qg3 b6 18. Rd5 Re8 19. Rfd1 Qf6 20. Nc3 g6 21. h4 Qg7 22. Rd8 Be6 23. Qg5 h6 24. Rxa8 Rxa8 25. Rd8+ Kh7 26. Qd2 Rxd8 1/2-1/2

[Event "Blackpool Ron Banwell Masters"]
[Site "Blackpool"]
[Date "2003.08.07"]
[Round "6"]
[White "Horner, Jeff"]
[Black "Specht, Josh"]
[Result "1-0"]
[WhiteElo "2354"]
[BlackElo "2111"]
[PlyCount "45"]
[EventDate "2003.08.04"]
[EventType "tourn"]
[EventRounds "9"]
[EventCountry "ENG"]
[EventCategory "2"]
[SourceTitle "CBM 095 Extra"]
[Source "ChessBase"]
[SourceDate "2003.09.04"]
[SourceVersion "1"]
[SourceVersionDate "2003.09.04"]
[SourceQuality "1"]

1. e4 c6 2. Nc3 d5 3. Nf3 Bg4 4. h3 Bxf3 5. Qxf3 e6 6. d3 Bb4 7. Qg3 Bxc3+ 8. bxc3 dxe4 9. Rb1 b6 10. Qxg7 Qf6 11. Qg3 exd3 12. Bxd3 Ne7 13. 0-0 Rg8 14. Qh2 Nd7 15. Re1 Nf5 16. Be4 Rc8 17. Ba3 Ne5 18. Rbd1 Nh4 19. Kh1 Nhg6 20. Bc1 Nd7 21. Qd6 Qe7 22. Bxc6 Qxd6 23. Rxd6 1-0

[Event "Blackpool Ron Banwell Masters"]
[Site "Blackpool"]
[Date "2003.08.06"]
[Round "5"]
[White "Escobedo Flores, Juan Francisco"]
[Black "Specht, Josh"]
[Result "1-0"]
[WhiteElo "2120"]
[BlackElo "2111"]
[PlyCount "94"]
[EventDate "2003.08.04"]
[EventType "tourn"]
[EventRounds "9"]
[EventCountry "ENG"]
[EventCategory "2"]
[SourceTitle "CBM 095 Extra"]
[Source "ChessBase"]
[SourceDate "2003.09.04"]
[SourceVersion "1"]
[SourceVersionDate "2003.09.04"]
[SourceQuality "1"]

1. d4 Nf6 2. c4 c5 3. Nf3 cxd4 4. Nxd4 Nc6 5. Nc3 g6 6. e4 d6 7. Be2 Bg7 8. Be3 0-0 9. 0-0 Bd7 10. f3 Rc8 11. Qd2 a6 12. Rfd1 Qc7 13. Nb3 b6 14. Bg5 Na5 15. Nxa5 Qc5+ 16. Kh1 Qxa5 17. Bxf6 Bxf6 18. Nd5 Qxd2 19. Rxd2 Be6 20. Nxf6+ exf6 21. b3 Rfd8 22. Rad1 Kf8 23. Rxd6 Rxd6 24. Rxd6 b5 25. Rxa6 bxc4 26. bxc4 Rb8 27. Kg1 Rb2 28. Kf1 Ke7 29. a4 Kd7 30. c5 Kc7 31. Bb5 h5 32. h4 g5 33. Rc6+ Kb7 34. Rb6+ Kc7 35. Rc6+ Kb7 36. Rd6 gxh4 37. f4 h3 38. gxh3 Bxh3+ 39. Ke1 h4 40. Rxf6 Be6 41. f5 Ba2 42. Rh6 Rb4 43. Rxh4 Bb1 44. Kd2 Rxe4 45. Rxe4 Bxe4 46. f6 Bd5 47. Kc3 Kc7 1-0

[Event "Blackpool op active"]
[Site "Blackpool"]
[Date "2003.??.??"]
[Round "1"]
[White "Gormally, Daniel"]
[Black "Specht, Josh"]
[Result "1-0"]
[WhiteElo "2479"]
[BlackElo "2094"]
[PlyCount "94"]
[EventDate "2003.??.??"]
[EventType "swiss (rapid)"]
[EventRounds "5"]
[EventCountry "ENG"]
[SourceTitle "EXT 2005"]
[Source "ChessBase"]
[SourceDate "2004.11.15"]
[SourceVersion "1"]
[SourceVersionDate "2004.11.15"]
[SourceQuality "1"]

1. e4 e5 2. Nf3 Nc6 3. Bb5 a6 4. Ba4 Nf6 5. 0-0 b5 6. Bb3 Bb7 7. d3 Bc5 8. a4 0-0 9. Bg5 h6 10. Bh4 b4 11. c3 d6 12. d4 Bb6 13. Bd5 g5 14. Bg3 Nxd5 15. exd5 Ne7 16. dxe5 Nxd5 17. exd6 cxd6 18. c4 Nf6 19. Qxd6 Qxd6 20. Bxd6 Rfc8 21. a5 Bc5 22. Bxc5 Rxc5 23. b3 Bxf3 24. gxf3 Rf5 25. Nd2 Rd8 26. Rfd1 Nh5 27. Ne4 Rxd1+ 28. Rxd1 Rxf3 29. Nc5 Nf4 30. Rb1 g4 31. Nxa6 Nh3+ 32. Kh1 Rxf2 33. Nxb4 Ng5 34. Nd3 Rd2 35. Ne1 Nh3 36. a6 Rf2 37. Nd3 Ra2 38. b4 Rxa6 39. b5 Rd6 40. b6 Rxd3 41. b7 Rd8 42. c5 Nf4 43. c6 Ne6 44. b8Q Rxb8 45. Rxb8+ Kg7 46. Rb7 Nd8 47. c7 Kg8 1-0